MULTIFÁZOVÉ OCELE PRE AUTOMOBILOVÝ PRIEMYSEL

Bibliographic Details
Main Authors: Šuška, Jozef (Author), Fedorová, Mária (Author), Sojko, Martin (Author), Mišičko, Rudolf, 1948- (Author)
Format: Article
Language:Slovak
ISBN:8080735409

MARC

LEADER 00000naa a2200000uu 4500
001 vtls011045828
003 SK-MaSNL
005 20260416123916.0
008 210905|2006 xo |||||||||||||||||slo|
015 |a SNBRA 
035 |a (urnnbn)urn:nbn:sk:snk:ar-009277 
035 |a (uuid)f7b4c852-8aad-448a-b4e7-663f3fd9bc34 
035 |a urn:nbn:sk:snk-aauxgq 
040 |a SNKBUCL  |b slo  |c SNKBUCL  |e AACR2 
041 0 |a slo 
044 |a xo  |c SK 
100 1 |a Šuška, Jozef  |4 aut  |9 797055 
245 1 0 |a MULTIFÁZOVÉ OCELE PRE AUTOMOBILOVÝ PRIEMYSEL  |c Jozef Šuška, Mária Fedorová, Martin Sojko, Rudolf Mišičko 
246 3 |a MULTIPHASE STEELS FOR AUTOMOTIVE INDUSTRY 
700 1 |a Fedorová, Mária  |4 aut  |9 8249 
700 1 |a Sojko, Martin  |4 aut  |9 797053 
700 1 |a Mišičko, Rudolf,   |d 1948-  |4 aut  |9 1637096 
773 0 |t Deň doktorandov Hutníckej fakulty Metalurgia Junior 2006  |d V Košiciach : Hutnícka fakulta TU, 2006  |g S. 93-96  |z 8080735409 
958 |a OND 
958 |a article12 
958 |a chapter 
999 |c 1261021  |d 1262951